<?xml version="1.0" encoding="UTF-8"?>
<record
    xmlns:xsi="http://www.w3.org/2001/XMLSchema-instance"
    xsi:schemaLocation="http://www.loc.gov/MARC21/slim http://www.loc.gov/standards/marcxml/schema/MARC21slim.xsd"
    xmlns="http://www.loc.gov/MARC21/slim">

  <leader>01088nam a22002657a 4500</leader>
  <controlfield tag="005">20130712124658.0</controlfield>
  <datafield tag="010" ind1=" " ind2=" ">
    <subfield code="a">B-506582-583  B-522463-483</subfield>
  </datafield>
  <datafield tag="020" ind1=" " ind2=" ">
    <subfield code="a">9788131727782</subfield>
    <subfield code="c">849.00</subfield>
  </datafield>
  <datafield tag="035" ind1=" " ind2=" ">
    <subfield code="a">B-506582-583  B-522463-483</subfield>
  </datafield>
  <datafield tag="037" ind1=" " ind2=" ">
    <subfield code="a">KKP/Ven</subfield>
  </datafield>
  <datafield tag="037" ind1=" " ind2=" ">
    <subfield code="a">dpl</subfield>
    <subfield code="b">UBH/Ven</subfield>
  </datafield>
  <datafield tag="082" ind1=" " ind2=" ">
    <subfield code="a">610.76</subfield>
  </datafield>
  <datafield tag="100" ind1=" " ind2=" ">
    <subfield code="a">Arora,K.K.</subfield>
  </datafield>
  <datafield tag="245" ind1=" " ind2=" ">
    <subfield code="a">The pearson guide to the Medical entrance examinations /</subfield>
    <subfield code="c">by K.K.Arora, N.K. Sharma [and] B.K.Trivedi</subfield>
  </datafield>
  <datafield tag="246" ind1=" " ind2=" ">
    <subfield code="a"> Medical entrance examinations</subfield>
  </datafield>
  <datafield tag="260" ind1=" " ind2=" ">
    <subfield code="a"> New Delhi </subfield>
    <subfield code="b">Pearson Education </subfield>
    <subfield code="c">2012</subfield>
  </datafield>
  <datafield tag="270" ind1=" " ind2=" ">
    <subfield code="a">11 Community Centre, Panchsheel Park,</subfield>
    <subfield code="b">New Delhi</subfield>
    <subfield code="e">110017</subfield>
  </datafield>
  <datafield tag="300" ind1=" " ind2=" ">
    <subfield code="a">Various pages.</subfield>
    <subfield code="c">27cm (pbk) </subfield>
    <subfield code="b">ill.</subfield>
  </datafield>
  <datafield tag="500" ind1=" " ind2=" ">
    <subfield code="a">.</subfield>
  </datafield>
  <datafield tag="700" ind1=" " ind2=" ">
    <subfield code="d">Sharma,N.k.</subfield>
  </datafield>
  <datafield tag="700" ind1=" " ind2=" ">
    <subfield code="d">Trivedi, B.K.</subfield>
  </datafield>
  <datafield tag="942" ind1=" " ind2=" ">
    <subfield code="2">ddc</subfield>
    <subfield code="c">EN</subfield>
    <subfield code="m">ARO</subfield>
    <subfield code="h">610.76</subfield>
  </datafield>
  <datafield tag="999" ind1=" " ind2=" ">
    <subfield code="c">76084</subfield>
    <subfield code="d">76084</subfield>
  </datafield>
  <datafield tag="952" ind1=" " ind2=" ">
    <subfield code="0">0</subfield>
    <subfield code="1">0</subfield>
    <subfield code="2">ddc</subfield>
    <subfield code="4">0</subfield>
    <subfield code="7">0</subfield>
    <subfield code="8">NFIC</subfield>
    <subfield code="a">ZLS</subfield>
    <subfield code="b">ZLS</subfield>
    <subfield code="d">2013-05-30</subfield>
    <subfield code="e">KKP/BL3018/19.3.13/172/19.3.13/22.3.13</subfield>
    <subfield code="g">849.00</subfield>
    <subfield code="l">0</subfield>
    <subfield code="o">610.76 ARO</subfield>
    <subfield code="p">B-506582</subfield>
    <subfield code="r">2013-05-30 00:00:00</subfield>
    <subfield code="t">1</subfield>
    <subfield code="v">849.00</subfield>
    <subfield code="y">EN</subfield>
  </datafield>
  <datafield tag="952" ind1=" " ind2=" ">
    <subfield code="0">0</subfield>
    <subfield code="1">0</subfield>
    <subfield code="2">ddc</subfield>
    <subfield code="4">0</subfield>
    <subfield code="7">0</subfield>
    <subfield code="8">NFIC</subfield>
    <subfield code="a">ZLS</subfield>
    <subfield code="b">ZLS</subfield>
    <subfield code="d">2013-05-30</subfield>
    <subfield code="e">KKP/BL3018/19.3.13/172/19.3.13/22.3.13</subfield>
    <subfield code="g">849.00</subfield>
    <subfield code="l">3</subfield>
    <subfield code="m">2</subfield>
    <subfield code="o">610.76 ARO</subfield>
    <subfield code="p">B-506583</subfield>
    <subfield code="r">2020-07-07 00:00:00</subfield>
    <subfield code="s">2020-03-14</subfield>
    <subfield code="t">1</subfield>
    <subfield code="v">849.00</subfield>
    <subfield code="y">EN</subfield>
  </datafield>
  <datafield tag="952" ind1=" " ind2=" ">
    <subfield code="0">0</subfield>
    <subfield code="1">0</subfield>
    <subfield code="4">0</subfield>
    <subfield code="7">0</subfield>
    <subfield code="8">NFIC</subfield>
    <subfield code="a">L</subfield>
    <subfield code="b">L</subfield>
    <subfield code="d">2013-07-12</subfield>
    <subfield code="e">UBH/336/26.03.2013/180/08.03.2013/28.03.2013</subfield>
    <subfield code="g">849.00</subfield>
    <subfield code="l">30</subfield>
    <subfield code="m">14</subfield>
    <subfield code="o">610.76 ARO</subfield>
    <subfield code="p">B-522463</subfield>
    <subfield code="r">2022-12-27 00:00:00</subfield>
    <subfield code="s">2022-11-09</subfield>
    <subfield code="t">2</subfield>
    <subfield code="v">849.00</subfield>
    <subfield code="y">EN</subfield>
  </datafield>
  <datafield tag="952" ind1=" " ind2=" ">
    <subfield code="0">0</subfield>
    <subfield code="1">0</subfield>
    <subfield code="4">0</subfield>
    <subfield code="7">0</subfield>
    <subfield code="8">NFIC</subfield>
    <subfield code="a">L</subfield>
    <subfield code="b">L</subfield>
    <subfield code="d">2013-07-12</subfield>
    <subfield code="e">UBH/336/26.03.2013/180/08.03.2013/28.03.2013</subfield>
    <subfield code="g">849.00</subfield>
    <subfield code="l">0</subfield>
    <subfield code="o">610.76 ARO</subfield>
    <subfield code="p">B-522464</subfield>
    <subfield code="r">2013-07-12 00:00:00</subfield>
    <subfield code="t">2</subfield>
    <subfield code="v">849.00</subfield>
    <subfield code="y">EN</subfield>
  </datafield>
  <datafield tag="952" ind1=" " ind2=" ">
    <subfield code="0">0</subfield>
    <subfield code="1">0</subfield>
    <subfield code="4">0</subfield>
    <subfield code="7">0</subfield>
    <subfield code="8">NFIC</subfield>
    <subfield code="a">M</subfield>
    <subfield code="b">M</subfield>
    <subfield code="d">2013-07-12</subfield>
    <subfield code="e">UBH/336/26.03.2013/180/08.03.2013/28.03.2013</subfield>
    <subfield code="g">849.00</subfield>
    <subfield code="l">0</subfield>
    <subfield code="o">610.76 ARO</subfield>
    <subfield code="p">B-522465</subfield>
    <subfield code="r">2013-07-12 00:00:00</subfield>
    <subfield code="t">2</subfield>
    <subfield code="v">849.00</subfield>
    <subfield code="y">EN</subfield>
  </datafield>
  <datafield tag="952" ind1=" " ind2=" ">
    <subfield code="0">0</subfield>
    <subfield code="1">0</subfield>
    <subfield code="4">0</subfield>
    <subfield code="7">0</subfield>
    <subfield code="8">NFIC</subfield>
    <subfield code="a">M</subfield>
    <subfield code="b">M</subfield>
    <subfield code="d">2013-07-12</subfield>
    <subfield code="e">UBH/336/26.03.2013/180/08.03.2013/28.03.2013</subfield>
    <subfield code="g">849.00</subfield>
    <subfield code="l">0</subfield>
    <subfield code="o">610.76 ARO</subfield>
    <subfield code="p">B-522466</subfield>
    <subfield code="r">2013-07-12 00:00:00</subfield>
    <subfield code="t">2</subfield>
    <subfield code="v">849.00</subfield>
    <subfield code="y">EN</subfield>
  </datafield>
  <datafield tag="952" ind1=" " ind2=" ">
    <subfield code="0">0</subfield>
    <subfield code="1">0</subfield>
    <subfield code="4">0</subfield>
    <subfield code="7">0</subfield>
    <subfield code="8">NFIC</subfield>
    <subfield code="a">NPL</subfield>
    <subfield code="b">NPL</subfield>
    <subfield code="d">2013-07-12</subfield>
    <subfield code="e">UBH/336/26.03.2013/180/08.03.2013/28.03.2013</subfield>
    <subfield code="g">849.00</subfield>
    <subfield code="l">0</subfield>
    <subfield code="o">610.76 ARO</subfield>
    <subfield code="p">B-522467</subfield>
    <subfield code="r">2013-07-12 00:00:00</subfield>
    <subfield code="t">1</subfield>
    <subfield code="v">849.00</subfield>
    <subfield code="y">EN</subfield>
  </datafield>
  <datafield tag="952" ind1=" " ind2=" ">
    <subfield code="0">1</subfield>
    <subfield code="1">0</subfield>
    <subfield code="4">0</subfield>
    <subfield code="7">0</subfield>
    <subfield code="8">NFIC</subfield>
    <subfield code="a">BL1</subfield>
    <subfield code="b">BL1</subfield>
    <subfield code="d">2013-07-12</subfield>
    <subfield code="e">UBH/336/26.03.2013/180/08.03.2013/28.03.2013</subfield>
    <subfield code="g">849.00</subfield>
    <subfield code="l">1</subfield>
    <subfield code="m">2</subfield>
    <subfield code="o">610.76 ARO</subfield>
    <subfield code="p">B-522468</subfield>
    <subfield code="r">2018-11-12 00:00:00</subfield>
    <subfield code="s">2018-08-18</subfield>
    <subfield code="t">1</subfield>
    <subfield code="v">849.00</subfield>
    <subfield code="y">EN</subfield>
  </datafield>
  <datafield tag="952" ind1=" " ind2=" ">
    <subfield code="0">0</subfield>
    <subfield code="1">0</subfield>
    <subfield code="4">0</subfield>
    <subfield code="7">0</subfield>
    <subfield code="8">NFIC</subfield>
    <subfield code="a">KGM</subfield>
    <subfield code="b">KGM</subfield>
    <subfield code="d">2013-07-12</subfield>
    <subfield code="e">UBH/336/26.03.2013/180/08.03.2013/28.03.2013</subfield>
    <subfield code="g">849.00</subfield>
    <subfield code="l">0</subfield>
    <subfield code="o">610.76 ARO</subfield>
    <subfield code="p">B-522469</subfield>
    <subfield code="r">2013-07-12 00:00:00</subfield>
    <subfield code="t">1</subfield>
    <subfield code="v">849.00</subfield>
    <subfield code="y">EN</subfield>
  </datafield>
  <datafield tag="952" ind1=" " ind2=" ">
    <subfield code="0">0</subfield>
    <subfield code="1">0</subfield>
    <subfield code="4">0</subfield>
    <subfield code="7">0</subfield>
    <subfield code="8">NFIC</subfield>
    <subfield code="a">PR</subfield>
    <subfield code="b">PR</subfield>
    <subfield code="d">2013-07-12</subfield>
    <subfield code="e">UBH/336/26.03.2013/180/08.03.2013/28.03.2013</subfield>
    <subfield code="g">849.00</subfield>
    <subfield code="l">0</subfield>
    <subfield code="o">610.76 ARO</subfield>
    <subfield code="p">B-522470</subfield>
    <subfield code="r">2013-07-12 00:00:00</subfield>
    <subfield code="t">1</subfield>
    <subfield code="v">849.00</subfield>
    <subfield code="y">EN</subfield>
  </datafield>
  <datafield tag="952" ind1=" " ind2=" ">
    <subfield code="0">0</subfield>
    <subfield code="1">5</subfield>
    <subfield code="4">0</subfield>
    <subfield code="7">0</subfield>
    <subfield code="8">NFIC</subfield>
    <subfield code="a">TN</subfield>
    <subfield code="b">TN</subfield>
    <subfield code="d">2013-07-12</subfield>
    <subfield code="e">UBH/336/26.03.2013/180/08.03.2013/28.03.2013</subfield>
    <subfield code="g">849.00</subfield>
    <subfield code="l">0</subfield>
    <subfield code="o">610.76 ARO</subfield>
    <subfield code="p">B-522471</subfield>
    <subfield code="r">2013-07-12 00:00:00</subfield>
    <subfield code="t">1</subfield>
    <subfield code="v">849.00</subfield>
    <subfield code="y">EN</subfield>
  </datafield>
  <datafield tag="952" ind1=" " ind2=" ">
    <subfield code="0">0</subfield>
    <subfield code="1">0</subfield>
    <subfield code="4">0</subfield>
    <subfield code="7">0</subfield>
    <subfield code="8">NFIC</subfield>
    <subfield code="a">CJ</subfield>
    <subfield code="b">CJ</subfield>
    <subfield code="d">2013-07-12</subfield>
    <subfield code="e">UBH/336/26.03.2013/180/08.03.2013/28.03.2013</subfield>
    <subfield code="g">849.00</subfield>
    <subfield code="l">0</subfield>
    <subfield code="o">610.76 ARO</subfield>
    <subfield code="p">B-522472</subfield>
    <subfield code="r">2013-07-12 00:00:00</subfield>
    <subfield code="t">1</subfield>
    <subfield code="v">849.00</subfield>
    <subfield code="y">EN</subfield>
  </datafield>
  <datafield tag="952" ind1=" " ind2=" ">
    <subfield code="0">0</subfield>
    <subfield code="1">0</subfield>
    <subfield code="4">0</subfield>
    <subfield code="7">0</subfield>
    <subfield code="8">NFIC</subfield>
    <subfield code="a">JP</subfield>
    <subfield code="b">JP</subfield>
    <subfield code="d">2013-07-12</subfield>
    <subfield code="e">UBH/336/26.03.2013/180/08.03.2013/28.03.2013</subfield>
    <subfield code="g">849.00</subfield>
    <subfield code="l">16</subfield>
    <subfield code="m">8</subfield>
    <subfield code="o">610.76 ARO</subfield>
    <subfield code="p">B-522473</subfield>
    <subfield code="r">2023-11-01 00:00:00</subfield>
    <subfield code="s">2023-10-18</subfield>
    <subfield code="t">1</subfield>
    <subfield code="v">849.00</subfield>
    <subfield code="y">EN</subfield>
  </datafield>
  <datafield tag="952" ind1=" " ind2=" ">
    <subfield code="0">0</subfield>
    <subfield code="1">5</subfield>
    <subfield code="4">0</subfield>
    <subfield code="7">0</subfield>
    <subfield code="8">NFIC</subfield>
    <subfield code="a">ZLS</subfield>
    <subfield code="b">ZLS</subfield>
    <subfield code="d">2013-07-12</subfield>
    <subfield code="e">UBH/336/26.03.2013/180/08.03.2013/28.03.2013</subfield>
    <subfield code="g">849.00</subfield>
    <subfield code="l">0</subfield>
    <subfield code="o">610.76 ARO</subfield>
    <subfield code="p">B-522474</subfield>
    <subfield code="r">2013-07-12 00:00:00</subfield>
    <subfield code="t">2</subfield>
    <subfield code="v">849.00</subfield>
    <subfield code="y">EN</subfield>
  </datafield>
  <datafield tag="952" ind1=" " ind2=" ">
    <subfield code="0">0</subfield>
    <subfield code="1">0</subfield>
    <subfield code="4">0</subfield>
    <subfield code="7">0</subfield>
    <subfield code="8">NFIC</subfield>
    <subfield code="a">ZLS</subfield>
    <subfield code="b">ZLS</subfield>
    <subfield code="d">2013-07-12</subfield>
    <subfield code="e">UBH/336/26.03.2013/180/08.03.2013/28.03.2013</subfield>
    <subfield code="g">849.00</subfield>
    <subfield code="l">0</subfield>
    <subfield code="o">610.76 ARO</subfield>
    <subfield code="p">B-522475</subfield>
    <subfield code="r">2013-07-12 00:00:00</subfield>
    <subfield code="t">2</subfield>
    <subfield code="v">849.00</subfield>
    <subfield code="y">EN</subfield>
  </datafield>
  <datafield tag="952" ind1=" " ind2=" ">
    <subfield code="0">0</subfield>
    <subfield code="1">0</subfield>
    <subfield code="4">0</subfield>
    <subfield code="7">0</subfield>
    <subfield code="8">NFIC</subfield>
    <subfield code="a">RKP</subfield>
    <subfield code="b">RKP</subfield>
    <subfield code="d">2013-07-12</subfield>
    <subfield code="e">UBH/336/26.03.2013/180/08.03.2013/28.03.2013</subfield>
    <subfield code="g">849.00</subfield>
    <subfield code="l">2</subfield>
    <subfield code="m">2</subfield>
    <subfield code="o">610.76 ARO</subfield>
    <subfield code="p">B-522476</subfield>
    <subfield code="r">2020-03-07 00:00:00</subfield>
    <subfield code="s">2020-02-22</subfield>
    <subfield code="t">1</subfield>
    <subfield code="v">849.00</subfield>
    <subfield code="y">EN</subfield>
  </datafield>
  <datafield tag="952" ind1=" " ind2=" ">
    <subfield code="0">0</subfield>
    <subfield code="1">0</subfield>
    <subfield code="4">0</subfield>
    <subfield code="7">0</subfield>
    <subfield code="8">NFIC</subfield>
    <subfield code="a">SP</subfield>
    <subfield code="b">SP</subfield>
    <subfield code="d">2013-07-12</subfield>
    <subfield code="e">UBH/336/26.03.2013/180/08.03.2013/28.03.2013</subfield>
    <subfield code="g">849.00</subfield>
    <subfield code="l">0</subfield>
    <subfield code="o">610.76 ARO</subfield>
    <subfield code="p">B-522477</subfield>
    <subfield code="r">2013-07-12 00:00:00</subfield>
    <subfield code="t">1</subfield>
    <subfield code="v">849.00</subfield>
    <subfield code="y">EN</subfield>
  </datafield>
  <datafield tag="952" ind1=" " ind2=" ">
    <subfield code="0">0</subfield>
    <subfield code="1">0</subfield>
    <subfield code="4">0</subfield>
    <subfield code="7">0</subfield>
    <subfield code="8">NFIC</subfield>
    <subfield code="a">VP</subfield>
    <subfield code="b">VP</subfield>
    <subfield code="d">2013-07-12</subfield>
    <subfield code="e">UBH/336/26.03.2013/180/08.03.2013/28.03.2013</subfield>
    <subfield code="g">849.00</subfield>
    <subfield code="l">1</subfield>
    <subfield code="m">2</subfield>
    <subfield code="o">610.76 ARO</subfield>
    <subfield code="p">B-522478</subfield>
    <subfield code="q">2013-10-22</subfield>
    <subfield code="r">2013-09-11 00:00:00</subfield>
    <subfield code="s">2013-09-11</subfield>
    <subfield code="t">1</subfield>
    <subfield code="v">849.00</subfield>
    <subfield code="y">EN</subfield>
  </datafield>
  <datafield tag="952" ind1=" " ind2=" ">
    <subfield code="0">0</subfield>
    <subfield code="1">0</subfield>
    <subfield code="4">0</subfield>
    <subfield code="7">0</subfield>
    <subfield code="8">NFIC</subfield>
    <subfield code="a">BN</subfield>
    <subfield code="b">BN</subfield>
    <subfield code="d">2013-07-12</subfield>
    <subfield code="e">UBH/336/26.03.2013/180/08.03.2013/28.03.2013</subfield>
    <subfield code="g">849.00</subfield>
    <subfield code="l">2</subfield>
    <subfield code="o">610.76 ARO</subfield>
    <subfield code="p">B-522479</subfield>
    <subfield code="r">2026-05-08 12:21:34</subfield>
    <subfield code="s">2026-05-07</subfield>
    <subfield code="t">1</subfield>
    <subfield code="v">849.00</subfield>
    <subfield code="y">EN</subfield>
  </datafield>
  <datafield tag="952" ind1=" " ind2=" ">
    <subfield code="0">0</subfield>
    <subfield code="1">0</subfield>
    <subfield code="4">0</subfield>
    <subfield code="7">0</subfield>
    <subfield code="8">NFIC</subfield>
    <subfield code="a">NRR</subfield>
    <subfield code="b">NRR</subfield>
    <subfield code="d">2013-07-12</subfield>
    <subfield code="e">UBH/336/26.03.2013/180/08.03.2013/28.03.2013</subfield>
    <subfield code="g">849.00</subfield>
    <subfield code="l">0</subfield>
    <subfield code="o">610.76 ARO</subfield>
    <subfield code="p">B-522480</subfield>
    <subfield code="r">2013-07-12 00:00:00</subfield>
    <subfield code="t">1</subfield>
    <subfield code="v">849.00</subfield>
    <subfield code="y">EN</subfield>
  </datafield>
  <datafield tag="952" ind1=" " ind2=" ">
    <subfield code="0">0</subfield>
    <subfield code="1">0</subfield>
    <subfield code="4">0</subfield>
    <subfield code="7">0</subfield>
    <subfield code="8">NFIC</subfield>
    <subfield code="a">NR</subfield>
    <subfield code="b">NR</subfield>
    <subfield code="d">2013-07-12</subfield>
    <subfield code="e">UBH/336/26.03.2013/180/08.03.2013/28.03.2013</subfield>
    <subfield code="g">849.00</subfield>
    <subfield code="l">0</subfield>
    <subfield code="o">610.76 ARO</subfield>
    <subfield code="p">B-522481</subfield>
    <subfield code="r">2013-07-12 00:00:00</subfield>
    <subfield code="t">1</subfield>
    <subfield code="v">849.00</subfield>
    <subfield code="y">EN</subfield>
  </datafield>
  <datafield tag="952" ind1=" " ind2=" ">
    <subfield code="0">0</subfield>
    <subfield code="1">0</subfield>
    <subfield code="4">0</subfield>
    <subfield code="7">0</subfield>
    <subfield code="8">NFIC</subfield>
    <subfield code="a">BN</subfield>
    <subfield code="b">BN</subfield>
    <subfield code="d">2013-07-12</subfield>
    <subfield code="e">UBH/336/26.03.2013/180/08.03.2013/28.03.2013</subfield>
    <subfield code="g">849.00</subfield>
    <subfield code="l">6</subfield>
    <subfield code="m">1</subfield>
    <subfield code="o">610.76 ARO</subfield>
    <subfield code="p">B-522482</subfield>
    <subfield code="r">2024-07-03 00:00:00</subfield>
    <subfield code="s">2024-06-19</subfield>
    <subfield code="t">1</subfield>
    <subfield code="v">849.00</subfield>
    <subfield code="y">EN</subfield>
  </datafield>
  <datafield tag="952" ind1=" " ind2=" ">
    <subfield code="0">0</subfield>
    <subfield code="1">0</subfield>
    <subfield code="4">0</subfield>
    <subfield code="7">0</subfield>
    <subfield code="8">NFIC</subfield>
    <subfield code="a">BL4</subfield>
    <subfield code="b">BL4</subfield>
    <subfield code="d">2013-07-12</subfield>
    <subfield code="e">UBH/336/26.03.2013/180/08.03.2013/28.03.2013</subfield>
    <subfield code="g">849.00</subfield>
    <subfield code="l">14</subfield>
    <subfield code="m">11</subfield>
    <subfield code="o">610.76 ARO</subfield>
    <subfield code="p">B-522483</subfield>
    <subfield code="r">2022-04-07 00:00:00</subfield>
    <subfield code="s">2022-03-24</subfield>
    <subfield code="t">1</subfield>
    <subfield code="v">849.00</subfield>
    <subfield code="y">EN</subfield>
  </datafield>
</record>
